Adivinhe o país pela equipe. (Versão UEFA) - Statistics

Estatísticas Gerais
  • Esse quiz foi jogado 186 vezes
    185 desde o último reset
  • A pontuação média é 30 de 54
Estatísticas das Respostas
Imagem Resposta % Correto
Espanha
100%
Alemanha
99%
França
99%
Inglaterra
99%
Países Baixos
99%
Itália
98%
Portugal
98%
Bélgica
93%
Grécia
92%
Rússia
91%
Áustria
88%
Croácia
87%
Turquia
87%
Ucrânia
85%
Escócia
84%
Dinamarca
78%
Suíça
77%
Mônaco
76%
Eslováquia
72%
Suécia
72%
Sérvia
70%
País de Gales
69%
Bulgária
68%
Israel
64%
Irlanda
60%
Gibraltar
59%
Moldávia
56%
Hungria
50%
Romênia
50%
Noruega
46%
Finlândia
44%
Albânia
41%
Bósnia e Herzegovina
37%
Geórgia
37%
Cazaquistão
36%
Lituânia
36%
Bielorrússia
35%
Letônia
35%
Andorra
34%
Malta
32%
Azerbaijão
30%
Eslovênia
30%
Kosovo
30%
Armênia
26%
Estônia
26%
Chipre
23%
Islândia
19%
Ilhas Faroé
17%
Liechtenstein
16%
Macedônia do Norte
16%
Irlanda do Norte
15%
Montenegro
15%
San Marino
15%
Tchéquia
15%
Nenhum quiz correspondente encontrado
Distribuição das Pontuações
Porcentagem de Pessoas com Cada Pontuação
Percentil de Números Respondidos
Sua Pontuação Histórica
Você não jogou esse quiz desde o último reset